书目信息 |
| 题名: |
黑白和彩色电视机知识300问
|
|
| 作者: | ;黄刚 , 张永辉 编译 ;日本广播协会 编 | |
| 分册: | ||
| 出版信息: | 北京 国防工业出版社 1982 |
|
| 页数: | 322页 | |
| 开本: | 21cm | |
| 丛书名: | ||
| 单 册: | ||
| 中图分类: | TN949.1 , TN94 | |
| 科图分类: | ||
| 主题词: | 黑白电视-电视接收机--基本知识 , 电视接收机-黑白电视--基本知识 , 彩色电视-电视接收机--基本知识 , 电视接收机-彩色电视--基本知识 , 电视 | |
| 电子资源: | ||
| ISBN: | ||
| 000 | 00923nam0 2200301 450 | |
| 001 | 1531121762 | |
| 005 | 20150130083914.12 | |
| 010 | @dCNY1.30 | |
| 091 | @a15034.2382 | |
| 100 | @a19950622d1982 em y0chiy0110 ea | |
| 101 | 1 | @achi@cjpn |
| 102 | @aCN@b110000 | |
| 105 | @ay z 000yy | |
| 200 | 1 | @a黑白和彩色电视机知识300问@9hei bai he cai se dian shi ji zhi shi300 wen@f日本广播协会编@g黄刚,张永辉编译 |
| 210 | @a北京@c国防工业出版社@d1982 | |
| 215 | @a322页@d21cm | |
| 606 | 0 | @a黑白电视-电视接收机@x基本知识 |
| 606 | 0 | @a电视接收机-黑白电视@x基本知识 |
| 606 | 0 | @a彩色电视-电视接收机@x基本知识 |
| 606 | 0 | @a电视接收机-彩色电视@x基本知识 |
| 606 | 0 | @a电视 |
| 690 | @aTN949.1@v5 | |
| 690 | @aTN94@v4 | |
| 702 | 0 | @a黄刚@9huang gang@4编译 |
| 702 | 0 | @a张永辉@9zhang yong hui@4编译 |
| 711 | 02 | @a日本广播协会@9ri ben guang bo xie hui@4编 |
| 801 | 0 | @aCN@bTSSF@c20150130 |
| 905 | @aZUCC@dTN94@eJY39 | |
| 黑白和彩色电视机知识300问/日本广播协会编/黄刚,张永辉编译.-北京:国防工业出版社,1982 |
| 322页;21cm |
| ISBN :CNY1.30 |
| ● |
| 相关链接 |
|
|
|
|
正题名:黑白和彩色电视机知识300问
索取号:TN94/JY39
 
预约/预借
| 序号 | 登录号 | 条形码 | 馆藏地/架位号 | 状态 | 备注 |
| 1 | 7862362 | 278623624 | 学院路分馆/ [索取号:TN94/JY39] | 在馆 | |
| 2 | 7862363 | 278623633 | 学院路分馆/ [索取号:TN94/JY39] | 在馆 |